<?xml version="1.0" encoding="UTF-8"?>
<record
    xmlns:xsi="http://www.w3.org/2001/XMLSchema-instance"
    xsi:schemaLocation="http://www.loc.gov/MARC21/slim http://www.loc.gov/standards/marcxml/schema/MARC21slim.xsd"
    xmlns="http://www.loc.gov/MARC21/slim">

  <leader>01365nam a22002297a 4500</leader>
  <controlfield tag="003">NALT</controlfield>
  <controlfield tag="005">20211216152328.0</controlfield>
  <controlfield tag="008">211110b        th ||||| |||| 00| 0 tha d</controlfield>
  <datafield tag="040" ind1=" " ind2=" ">
    <subfield code="a">NALT</subfield>
  </datafield>
  <datafield tag="090" ind1=" " ind2=" ">
    <subfield code="a">KP 54 </subfield>
    <subfield code="b">&#xE22;126&#xE01; 2561</subfield>
  </datafield>
  <datafield tag="100" ind1="0" ind2=" ">
    <subfield code="9">46461</subfield>
    <subfield code="a">&#xE22;&#xE07;&#xE22;&#xE38;&#xE17;&#xE18; &#xE40;&#xE23;&#xE37;&#xE2D;&#xE19;&#xE17;&#xE32;</subfield>
  </datafield>
  <datafield tag="245" ind1="1" ind2="0">
    <subfield code="a">&#xE01;&#xE32;&#xE23;&#xE1A;&#xE31;&#xE07;&#xE04;&#xE31;&#xE1A;&#xE43;&#xE0A;&#xE49;&#xE01;&#xE0E;&#xE2B;&#xE21;&#xE32;&#xE22;&#xE40;&#xE01;&#xE35;&#xE48;&#xE22;&#xE27;&#xE01;&#xE31;&#xE1A;&#xE2A;&#xE16;&#xE32;&#xE19;&#xE17;&#xE35;&#xE48; &#xE2D;&#xE38;&#xE1B;&#xE01;&#xE23;&#xE13;&#xE4C; &#xE41;&#xE25;&#xE30;&#xE27;&#xE34;&#xE18;&#xE35;&#xE1B;&#xE0F;&#xE34;&#xE1A;&#xE31;&#xE15;&#xE34;&#xE17;&#xE32;&#xE07;&#xE40;&#xE20;&#xE2A;&#xE31;&#xE0A;&#xE01;&#xE23;&#xE23;&#xE21;&#xE0A;&#xE38;&#xE21;&#xE0A;&#xE19;&#xE43;&#xE19;&#xE2A;&#xE16;&#xE32;&#xE19;&#xE17;&#xE35;&#xE48;&#xE02;&#xE32;&#xE22;&#xE22;&#xE32;&#xE41;&#xE1C;&#xE19;&#xE1B;&#xE31;&#xE08;&#xE08;&#xE38;&#xE1A;&#xE31;&#xE19; =</subfield>
    <subfield code="b">Law enforcement of regulations on place, equipment and good pharmacy practice /</subfield>
    <subfield code="c">&#xE22;&#xE07;&#xE22;&#xE38;&#xE17;&#xE18; &#xE40;&#xE23;&#xE37;&#xE2D;&#xE19;&#xE17;&#xE32; &#xE41;&#xE25;&#xE30;&#xE0A;&#xE34;&#xE14;&#xE0A;&#xE19;&#xE01; &#xE40;&#xE23;&#xE37;&#xE2D;&#xE19;&#xE01;&#xE49;&#xE2D;&#xE19;.</subfield>
  </datafield>
  <datafield tag="246" ind1="3" ind2="1">
    <subfield code="a">Law enforcement of regulations on place, equipment and good pharmacy practice.</subfield>
  </datafield>
  <datafield tag="260" ind1=" " ind2=" ">
    <subfield code="a">&#xE40;&#xE0A;&#xE35;&#xE22;&#xE07;&#xE43;&#xE2B;&#xE21;&#xE48; :</subfield>
    <subfield code="b">&#xE04;&#xE13;&#xE30;&#xE40;&#xE20;&#xE2A;&#xE31;&#xE0A;&#xE28;&#xE32;&#xE2A;&#xE15;&#xE23;&#xE4C; &#xE21;&#xE2B;&#xE32;&#xE27;&#xE34;&#xE17;&#xE22;&#xE32;&#xE25;&#xE31;&#xE22;&#xE40;&#xE0A;&#xE35;&#xE22;&#xE07;&#xE43;&#xE2B;&#xE21;&#xE48;,</subfield>
    <subfield code="c">2561.</subfield>
  </datafield>
  <datafield tag="300" ind1=" " ind2=" ">
    <subfield code="a">65 &#xE2B;&#xE19;&#xE49;&#xE32; :</subfield>
    <subfield code="b">&#xE15;&#xE32;&#xE23;&#xE32;&#xE07; ;</subfield>
    <subfield code="c">30 &#xE0B;&#xE21;.</subfield>
  </datafield>
  <datafield tag="650" ind1=" " ind2="4">
    <subfield code="9">55147</subfield>
    <subfield code="a">&#xE23;&#xE49;&#xE32;&#xE19;&#xE02;&#xE32;&#xE22;&#xE22;&#xE32;</subfield>
  </datafield>
  <datafield tag="700" ind1="0" ind2=" ">
    <subfield code="9">55146</subfield>
    <subfield code="a">&#xE0A;&#xE34;&#xE14;&#xE0A;&#xE19;&#xE01; &#xE40;&#xE23;&#xE37;&#xE2D;&#xE19;&#xE01;&#xE49;&#xE2D;&#xE19;</subfield>
  </datafield>
  <datafield tag="850" ind1=" " ind2=" ">
    <subfield code="a">NALT</subfield>
  </datafield>
  <datafield tag="942" ind1=" " ind2=" ">
    <subfield code="c">RSH</subfield>
    <subfield code="2">local</subfield>
  </datafield>
  <datafield tag="998" ind1=" " ind2=" ">
    <subfield code="a">bijaya</subfield>
    <subfield code="c">103</subfield>
    <subfield code="j">109</subfield>
    <subfield code="k"> &#xE2D;&#xE32;&#xE23;&#xE35;&#xE23;&#xE31;&#xE15;&#xE19;&#xE4C; &#xE27;&#xE34;&#xE0A;&#xE32;&#xE0A;&#xE48;&#xE32;&#xE07;</subfield>
  </datafield>
  <datafield tag="999" ind1=" " ind2=" ">
    <subfield code="c">98607</subfield>
    <subfield code="d">98607</subfield>
  </datafield>
  <datafield tag="952" ind1=" " ind2=" ">
    <subfield code="0">0</subfield>
    <subfield code="1">0</subfield>
    <subfield code="2">local</subfield>
    <subfield code="4">0</subfield>
    <subfield code="7">0</subfield>
    <subfield code="8">CRSH</subfield>
    <subfield code="a">NALT</subfield>
    <subfield code="b">NALT</subfield>
    <subfield code="c">RSH</subfield>
    <subfield code="d">2021-11-10</subfield>
    <subfield code="o">&#xE27; KP 54  &#xE22;126&#xE01; 2561</subfield>
    <subfield code="p">3961212409</subfield>
    <subfield code="r">2022-02-21 00:00:00</subfield>
    <subfield code="w">2021-11-10</subfield>
    <subfield code="y">RSH</subfield>
  </datafield>
</record>
